000 00764nam2a22002411 4500
001 RU\NLR\Per\1127410
005 20250614093236.0
035 _a(NLR Aleph) 010750099
090 _a9937436
_c9937436
100 _a20150508d2015 |||y0rusy50 ca
101 0 _arus
102 _aRU
105 _ay |||||||||
200 1 _aИзбранное (2014)
210 _d2015
_aБ. м.
461 0 _1001RU\NLR\INFOCOMM16\1000093860
_12001#$aНовая юность$v2014
_93144742
_cМ.
_d1993 -
_fУчредитель Твор. центр "Новая юность"
_oНЮ
_tНовая юность
_x0869-7361
_v2014
801 1 _aRU
_bInfoComm
_c20040519
801 0 _aRU
_bNLR
_gPSBO
852 _aNLR
_jП34/1105
942 _cISSUE
980 _aNB
980 _aRUSPER